000 00600nam a2200181 i 4500
001 46116
003 ES-MaACL
005 20250828084002.0
007 t|
008 030328s1937 sz ||||1| fre d
111 2 _aConférence Internationale de l'Instruction Publique (
_n6ª.
_d1937.
_cGenève)
_9173
245 1 0 _aProcés-verbaux et résolutions.
260 _aGenève :
_bBureau International d'Education,
_c1937 (
_eLyon :
_fBosc et Riou)
300 _a128 p. ;
_c24 cm.
710 2 0 _aOficina Internacional de Educación
_96022
852 _aES-MaACL
_jA-5181
_bR.18062
999 _c46116
_d46116